Methods of modern mathematical physics. Vol.2 Fourrier analysis, self-adjointness

Na minha lista:
Detalhes bibliográficos
Autor principal: Barry Simon
Formato: Livro
Idioma:Undetermined
Publicado em: San Diego, California Academic Press 1972
Assuntos:
Tags: Adicionar Tag
Sem tags, seja o primeiro a adicionar uma tag!
Thư viện lưu trữ: Trung tâm Học liệu Trường Đại học Cần Thơ
LEADER 00595nam a2200205Ia 4500
001 CTU_22648
008 210402s9999 xx 000 0 und d
020 |b 95df 
082 |a 530.15 
082 |b R325/Vol.2 
100 |a Barry Simon 
245 0 |a Methods of modern mathematical physics. Vol.2 
245 0 |b Fourrier analysis, self-adjointness 
245 0 |c Barry Simon, Michael Reed 
260 |a San Diego, California 
260 |b Academic Press 
260 |c 1972 
650 |a mathematical physics 
904 |i Minh, 980525 
980 |a Trung tâm Học liệu Trường Đại học Cần Thơ